FBS Team Nicknames - Statistics

General Stats
  • This quiz has been taken 183 times
  • The average score is 102 of 130
Answer Stats
School Nickname % Correct
Big 12 Kansas Jayhawks
99%
Big 12 Texas Longhorns
99%
ACC Syracuse Orange
99%
Big 12 Oklahoma Sooners
99%
Big 12 Iowa State Cyclones
98%
Big 12 TCU Horned Frogs
98%
ACC Florida State Seminoles
98%
ACC Clemson Tigers
98%
Big 12 Baylor Bears
97%
B1G East Ohio State Buckeyes
97%
ACC Louisville Cardinals
97%
Big 12 Oklahoma State Cowboys
97%
B1G East Michigan State Spartans
97%
ACC Coastal Duke Blue Devils
96%
B1G West Nebraska Cornhuskers
96%
ACC Coastal Miami (FL) Hurricanes
96%
Big 12 Texas Tech Red Raiders
96%
ACC Coastal North Carolina Tar Heels
94%
B1G West Wisconsin Badgers
93%
B1G West Purdue Boilermakers
93%
ACC Coastal Virginia Cavaliers
93%
ACC Boston College Eagles
93%
ACC East UConn Huskies
93%
Big 12 West Virginia Mountaineers
93%
ACC West Memphis Tigers
93%
B1G East Michigan Wolverines
93%
Pac-12 North Oregon Ducks
92%
B1G West Iowa Hawkeyes
92%
B1G East Indiana Hoosiers
92%
ACC West Navy Midshipmen
92%
ACC Coastal Pittsburgh Panthers
92%
Big 12 Kansas State Wildcats
92%
ACC East Cincinnati Bearcats
91%
SEC East Florida Gators
91%
ACC West Tulane Green Wave
91%
B1G East Penn State Nittany Lions
91%
ACC North Carolina State Wolfpack
91%
ACC Coastal Georgia Tech Yellow Jackets
91%
Pac-12 North Oregon State Beavers
90%
SEC East Georgia Bulldogs
90%
B1G West Illinois Fighting Illini
90%
B1G West Minnesota Golden Gophers
90%
ACC Coastal Virginia Tech Hokies
90%
B1G East Maryland Terrapins
90%
Pac-12 South USC Trojans
90%
Pac-12 South UCLA Bruins
89%
ACC West Houston Cougars
89%
SEC West Alabama Crimson Tide
89%
Pac-12 North California Golden Bears
89%
ACC East Temple Owls
89%
SEC East Tennessee Volunteers
89%
SEC East South Carolina Gamecocks
88%
Pac-12 South Utah Utes
88%
B1G West Northwestern Wildcats
88%
Pac-12 North Stanford Cardinal
87%
ACC Wake Forest Demon Deacons
87%
Pac-12 North Washington Huskies
87%
SEC East Missouri Tigers
87%
SEC West Auburn Tigers
87%
SEC West LSU Tigers
87%
SEC East Kentucky Wildcats
87%
Pac-12 South Colorado Buffaloes
86%
Mountain West West Hawaii Rainbow Warriors
86%
SEC West Arkansas Razorbacks
86%
Pac-12 South Arizona State Sun Devils
86%
Mountain West Mountain Wyoming Cowboys
84%
ACC East East Carolina Pirates
84%
SEC West Texas A&M Aggies
83%
B1G East Rutgers Scarlet Knights
83%
Mountain West Mountain Boise State Broncos
82%
ACC East South Florida Bulls
82%
ACC West Southern Methodist Mustangs
82%
Pac-12 South Arizona Wildcats
82%
C-USA West Rice Owls
81%
SEC West Ole Miss Rebels
81%
MAC East Akron Zips
81%
SEC East Vanderbilt Commodores
80%
Pac-12 North Washington State Cougars
79%
C-USA East Marshall Thundering Herd
78%
Mountain West Mountain Colorado State Rams
77%
ACC East Central Florida Knights
76%
Mountain West Mountain New Mexico Lobos
76%
C-USA West UTEP Miners
76%
Mountain West West San Diego State Aztecs
74%
MAC East Buffalo Bulls
74%
Independents Notre Dame Fighting Irish
74%
C-USA East UNC-Charlotte 49ers
72%
MAC East Ohio Bobcats
72%
Mountain West West Fresno State Bulldogs
72%
Independents Army Black Knights
71%
Mountain West Mountain Air Force Falcons
70%
ACC West Tulsa Golden Hurricane
70%
Mountain West West Nevada Wolf Pack
70%
C-USA East Western Kentucky Hilltoppers
69%
MAC West Toledo Rockets
69%
C-USA West North Texas Mean Green
68%
C-USA East Florida Atlantic Owls
68%
Mountain West West UNLV Rebels
68%
C-USA West UAB Blazers
67%
SEC West Mississippi State Bulldogs
67%
Independents BYU Cougars
67%
C-USA West UTSA Roadrunners
67%
Mountain West West San Jose State Spartans
67%
MAC West Ball State Cardinals
66%
MAC West Central Michigan Chippewas
66%
Sun Belt East Appalachian State Mountaineers
64%
MAC West Western Michigan Broncos
63%
MAC West Northern Illinois Huskies
62%
C-USA East FIU Panthers
61%
Sun Belt West Louisiana-Lafayette Ragin' Cajuns
61%
MAC East Kent State Golden Flashes
60%
Mountain West Mountain Utah State Aggies
59%
Sun Belt East Troy Trojans
59%
Independents Liberty Flames
56%
C-USA West Southern Miss Golden Eagles
56%
Independents UMass Minutemen
56%
C-USA East Old Dominion Monarchs
56%
Independents New Mexico State Aggies
54%
MAC East Miami (OH) RedHawks
54%
C-USA East Middle Tennessee State Blue Raiders
52%
Sun Belt East Coastal Carolina Chanticleers
51%
Sun Belt West Arkansas State Red Wolves
49%
MAC East Bowling Green State Falcons
47%
Sun Belt West Texas State Bobcats
43%
Sun Belt West Louisiana-Monroe Warhawks
42%
MAC West Eastern Michigan Eagles
41%
C-USA West Louisiana Tech Bulldogs
40%
Sun Belt East Georgia Southern Eagles
37%
Sun Belt East Georgia State Panthers
37%
Sun Belt West South Alabama Jaguars
33%
No matching quizzes found
Score Distribution
Percent of People with Each Score
Percentile by Number Answered
Your Score History
You have not taken this quiz